| 000 | 00623nam a2200205Ia 4500 | ||
|---|---|---|---|
| 005 | 20250508162940.0 | ||
| 008 | 008 250505s9999 xx 000 0 eng d | ||
| 020 | _a0-7069-9002-1 | ||
| 037 | _aTextual | ||
| 040 |
_aFEDL _beng _cFEDL |
||
| 041 |
_aeng _2eng |
||
| 084 |
_a157.9, NIS _qFEDL |
||
| 100 | _aNissanka H. S. S. | ||
| 245 | 0 | _aBuddhist psychotherapy: An Eastern the rapeutical approach to mental problems | |
| 260 |
_aNew Delhi, India _bVikas Publishing House Pvt. Ltd. _c1993 |
||
| 300 | _a171p | ||
| 650 | _aAbnormal psychology | ||
| 942 |
_cTEXL _h157.9, NIS |
||
| 999 |
_c1379594 _d1379594 |
||